<?xml version="1.0" encoding="UTF-8"?><?xml-stylesheet type="text/xsl" href="static/style.xsl"?><OAI-PMH xmlns="http://www.openarchives.org/OAI/2.0/" xmlns:xsi="http://www.w3.org/2001/XMLSchema-instance" xsi:schemaLocation="http://www.openarchives.org/OAI/2.0/ http://www.openarchives.org/OAI/2.0/OAI-PMH.xsd"><responseDate>2026-06-07T23:48:48Z</responseDate><request verb="GetRecord" identifier="oai:docta.ucm.es:20.500.14352/112632" metadataPrefix="marc">https://docta.ucm.es/rest/oai/request</request><GetRecord><record><header><identifier>oai:docta.ucm.es:20.500.14352/112632</identifier><datestamp>2025-03-18T14:59:19Z</datestamp><setSpec>com_20.500.14352_1</setSpec><setSpec>col_20.500.14352_5</setSpec></header><metadata><record xmlns="http://www.loc.gov/MARC21/slim" xmlns:dcterms="http://purl.org/dc/terms/" xmlns:xsi="http://www.w3.org/2001/XMLSchema-instance" xmlns:doc="http://www.lyncode.com/xoai" xsi:schemaLocation="http://www.loc.gov/MARC21/slim http://www.loc.gov/standards/marcxml/schema/MARC21slim.xsd">
   <leader>00925njm 22002777a 4500</leader>
   <datafield ind2=" " ind1=" " tag="042">
      <subfield code="a">dc</subfield>
   </datafield>
   <datafield ind2=" " ind1=" " tag="720">
      <subfield code="a">Zaballos García, Matilde</subfield>
      <subfield code="e">author</subfield>
   </datafield>
   <datafield ind2=" " ind1=" " tag="720">
      <subfield code="a">Rodríguez Rodríguez, Lucia</subfield>
      <subfield code="e">author</subfield>
   </datafield>
   <datafield ind2=" " ind1=" " tag="720">
      <subfield code="a">Fernandez López, Ignacio</subfield>
      <subfield code="e">author</subfield>
   </datafield>
   <datafield ind2=" " ind1=" " tag="720">
      <subfield code="a">Calvo Moreno, Paula</subfield>
      <subfield code="e">author</subfield>
   </datafield>
   <datafield ind2=" " ind1=" " tag="720">
      <subfield code="a">Casado Pesquero, Julia Xueli</subfield>
      <subfield code="e">author</subfield>
   </datafield>
   <datafield ind2=" " ind1=" " tag="720">
      <subfield code="a">Mirones Sánchez,  Raquel</subfield>
      <subfield code="e">author</subfield>
   </datafield>
   <datafield ind2=" " ind1=" " tag="720">
      <subfield code="a">Quintela Jorge, Óscar</subfield>
      <subfield code="e">author</subfield>
   </datafield>
   <datafield ind2=" " ind1=" " tag="260">
      <subfield code="c">2024</subfield>
   </datafield>
   <datafield ind2=" " ind1=" " tag="520">
      <subfield code="a">La enseñanza de la toxicología clínica es muy compleja de mostrar a los alumnos por la dificultad en la práctica clínica de la coincidencia de casos reales de intoxicaciones durante los periodos de prácticas de los alumnos de medicina. Mediante la participación del alumno en un modelo in vivo de intoxicación se puede conseguir un acercamiento entre los conceptos teóricos y prácticos.
Se estima que más de 350 millones de cirugías se realizan anualmente en el mundo, frecuencia que es esperable que aumente. Un porcentaje muy importante de estos pacientes recibirán anestésicos locales (AL) como parte de su tratamiento anestésico. Esto es así por las ventajas innegables de la anestesia regional (AR) con el uso de los AL en los resultados de recuperación del paciente tras su cirugía, con disminución de las complicaciones postoperatorias y de la estancia hospitalaria lo que hace suponer que su crecimiento siga incrementándose en los próximos años. Sin embargo, a pesar de la indudable eficacia de los AL, en la estrategia anestésica actual, el riesgo de toxicidad grave asociada a estos agentes sigue siendo un problema recurrente desde su introducción en la práctica clínica. Dentro de los AL de uso muy extendido en la práctica clínica se encuentran la bupivacaína y la ropivacaína.</subfield>
   </datafield>
   <datafield ind1="8" ind2=" " tag="024">
      <subfield code="a">https://hdl.handle.net/20.500.14352/112632</subfield>
   </datafield>
   <datafield ind1="8" ind2=" " tag="024">
      <subfield code="a">360</subfield>
   </datafield>
   <datafield ind2="0" ind1="0" tag="245">
      <subfield code="a">Modelo de aprendizaje para el estudio comparativo de la cardiotoxicidad de anestésicos locales comunes en la práctica clínica (bupivacaina y ropivacaína) y su aplicación en la mejora de la enseñanza en toxicología clínica</subfield>
   </datafield>
</record></metadata></record></GetRecord></OAI-PMH>